000 00695nam a2200253Ia 4500
003 OSt
005 20220926022846.0
006 a|||||r|||| 00| 0
007 ta
008 220923b |||||||| |||| 00| 0 eng d
020 _a039397193
037 _cGeneral Book
040 _aRTL
_cRTL
_beng
041 _2eng
_aeng
082 _aX:72, P2/TD
100 _aWalsh Carl E
245 0 _aPrinciples of macroeconomics
260 _aNew York
_bW W Norton
_c2002
300 _axxiii, 497p
_ccm.
650 _aMacroeconomics
_9186166
700 _a Stiglitz Joseph E
_937014
942 _hX:72, P2/TD
_cGB
_2CC
999 _c640455
_d640455